Financial viability appraisal in planning decisions (Record no. 115380)

MARC details
000 -LEADER
fixed length control field 01333cad a22002895a 4500
001 - CONTROL NUMBER
control field L158555
008 - FIXED-LENGTH DATA ELEMENTS--GENERAL INFORMATION
fixed length control field 131031s2015 xxk f f 001 0 eng d
035 ## - SYSTEM CONTROL NUMBER
System control number (Sirsi) u158555
041 0# - LANGUAGE CODE
Language code of text/sound track or separate title eng
110 2# - MAIN ENTRY--CORPORATE NAME
Corporate name or jurisdiction name as entry element Royal Institution of Chartered Surveyors
9 (RLIN) 4900
245 00 - TITLE STATEMENT
Title Financial viability appraisal in planning decisions
Remainder of title Theory and practice
Medium [electronic resource]
260 ## - PUBLICATION, DISTRIBUTION, ETC.
Place of publication, distribution, etc. London
Name of publisher, distributor, etc. RICS
Date of publication, distribution, etc. 2015
300 ## - PHYSICAL DESCRIPTION
Extent 30 p.
490 #0 - SERIES STATEMENT
Series statement RICS Research
520 ## - SUMMARY, ETC.
Summary, etc. Focuses on site specific evaluation and is based on planning appeal documentation and decisions made in 2007. The aim of the research is to formulate consistent approaches to land valuation within site-specific DVA based on a critical evaluation of the theory and practice of appraisal.
520 ## - SUMMARY, ETC.
Summary, etc. Superseded by Financial viability in planning: Conduct and reporting 1st ed 2016 ISBN 9781783213580
650 24 - SUBJECT ADDED ENTRY--TOPICAL TERM
Topical term or geographic name entry element FINANCIAL VIABILITY
650 24 - SUBJECT ADDED ENTRY--TOPICAL TERM
Topical term or geographic name entry element DEVELOPMENT VIABILITY
650 24 - SUBJECT ADDED ENTRY--TOPICAL TERM
Topical term or geographic name entry element NATIONAL PLANNING POLICY FRAMEWORK 2012
650 24 - SUBJECT ADDED ENTRY--TOPICAL TERM
Topical term or geographic name entry element Appraisal
651 #4 - SUBJECT ADDED ENTRY--GEOGRAPHIC NAME
Geographic name United Kingdom
690 ## - LOCAL SUBJECT ADDED ENTRY--TOPICAL TERM (OCLC, RLIN)
Topical term or geographic name as entry element Planning and development
9 (RLIN) 6259
700 1# - ADDED ENTRY--PERSONAL NAME
Personal name Crosby, Neil
700 1# - ADDED ENTRY--PERSONAL NAME
Personal name Wyatt, Peter
856 ## - ELECTRONIC LOCATION AND ACCESS
Uniform Resource Identifier <a href="https://www.propertyresearchtrust.org/uploads/1/3/4/8/134819607/financial_viability_appraisal.pdf">https://www.propertyresearchtrust.org/uploads/1/3/4/8/134819607/financial_viability_appraisal.pdf</a>
Public note Available from Property Research Trust
942 ## - ADDED ENTRY ELEMENTS (KOHA)
Suppress in OPAC 0
Source of classification or shelving scheme Dewey Decimal Classification
Holdings
Withdrawn status Lost status Damaged status Not for loan Home library Current library Shelving location Date acquired Total Checkouts Full call number Date last seen Copy number Price effective from Koha item type
        Virtual Virtual Online 23/04/2015   SCAN 02/02/2024 1 06/08/2019 Online material